Myths & legends of India, Egypt, China & Japan (Record no. 65292)
[ view plain ]
| 000 -LEADER | |
|---|---|
| fixed length control field | 00456nam a2200169Ia 4500 |
| 001 - CONTROL NUMBER | |
| control field | 64140 |
| 008 - FIXED-LENGTH DATA ELEMENTS--GENERAL INFORMATION | |
| fixed length control field | 150204s9999 xx 000 0 und d |
| 020 ## - INTERNATIONAL STANDARD BOOK NUMBER | |
| International Standard Book Number | 9780754824381 |
| 040 ## - CATALOGING SOURCE | |
| Transcribing agency | PK-LaUMT |
| 082 ## - DEWEY DECIMAL CLASSIFICATION NUMBER | |
| Classification number | 292.13 |
| Item number | STO-M |
| 100 ## - MAIN ENTRY--PERSONAL NAME | |
| Personal name | Storm, Rachel |
| 245 ## - TITLE STATEMENT | |
| Title | Myths & legends of India, Egypt, China & Japan |
| Remainder of title | the mythology of the East |
| Statement of responsibility, etc | Storm, Rachel |
| 260 ## - PUBLICATION, DISTRIBUTION, ETC. (IMPRINT) | |
| Place of publication, distribution, etc | London,UK: |
| Name of publisher, distributor, etc | Lorenz Books, |
| Date of publication, distribution, etc | 2011 |
| 300 ## - PHYSICAL DESCRIPTION | |
| Extent | 256 p. |
| 546 ## - LANGUAGE NOTE | |
| Language note | EN |
| 942 ## - ADDED ENTRY ELEMENTS (KOHA) | |
| Koha item type | Books |
| Withdrawn status | Lost status | Damaged status | Not for loan | Home library | Current library | Date acquired | Total Checkouts | Full call number | Barcode | Date last seen | Date checked out | Price effective from | Koha item type |
|---|---|---|---|---|---|---|---|---|---|---|---|---|---|
| UMT Main Campus | UMT Main Campus | 2015-02-04 | 9 | 292.13 STO-M | 87857 | 2023-08-22 | 2023-02-15 | 2015-02-04 | Books |
